000 00198nam a2200073Ia 4500
008 170524s9999 xx 000 0 und d
100 _aACZEL- AMIR D.
245 0 _aComplete Business Statistics
260 _bTATA MCGRAW HILL NEW DELHI
999 _c8479
_d8479